000 00903nam0a22002771 4500
001 rc\3381933
005 20250609223704.0
021 _aRU
_b[71-87668]
035 _a(NLR Aleph) 007534616
090 _a7765513
_c7765513
100 _a20130115d1972 |||y0rusy50 ca
101 0 _arus
102 _aRU
105 _aa j |||||
200 1 _aРусский язык
_eУчебник для 6 кл. азерб. школы
205 _a12-е изд.
210 _aБаку
_cМаариф
_d1972
215 _a292 с.
_cил.
_d22
606 _aРусский язык
_jУчебники и пособия для нерусских школ
_2psbo
700 1 _aАйолло
_bБ.Г.
_gБорис Григорьевич
701 1 _aСафарова
_bЗ.Г.
_gЗара Гасановна
801 0 _aRU
_bNLR
_gpsbo
801 1 _aRU
_bELAR
_2rusmarc
852 _aNLR
_j71-5/5301
942 _cBOOK
980 _aNB